000 00661nam a22001937a 4500
005 20100913112114.0
020 _a9780198661986
_c₤ 13.99
037 _bPansy Books
082 _a796.35803
100 _aRundell, Michael
_919642
245 _aThe dictionary of circket /
_cby Michael Rundell
250 _a2nd. ed.
260 _aNew York
_bOxford University Press
_c1995
270 _bNew York
300 _a218p.
_c24cm(Hb)
942 _2ddc
_cEN
_h796.35803
_mRUN
999 _c45293
_d45293